Microbiology / (Record no. 14421)

MARC details
000 -LEADER
fixed length control field 00980pam a2200289 a 4500
001 - CONTROL NUMBER
control field 4033198
003 - CONTROL NUMBER IDENTIFIER
control field OSt
005 - DATE AND TIME OF LATEST TRANSACTION
control field 20211022144622.0
008 - FIXED-LENGTH DATA ELEMENTS--GENERAL INFORMATION
fixed length control field 980331s1999 maua b 001 0 eng
010 ## - LIBRARY OF CONGRESS CONTROL NUMBER
LC control number 98018180
020 ## - INTERNATIONAL STANDARD BOOK NUMBER
International Standard Book Number 0697354393
040 ## - CATALOGING SOURCE
Original cataloging agency DLC
Transcribing agency hu
Modifying agency DLC
050 00 - LIBRARY OF CONGRESS CALL NUMBER
Classification number QR41.2
Item number .P74 1999
082 00 - DEWEY DECIMAL CLASSIFICATION NUMBER
Classification number 579
Edition number 21
100 1# - MAIN ENTRY--PERSONAL NAME
Personal name Prescott, Lansing M.
9 (RLIN) 2878
245 10 - TITLE STATEMENT
Title Microbiology /
Statement of responsibility, etc. Lansing Prescott, John P. Harley, Donald A. Klein.
250 ## - EDITION STATEMENT
Edition statement 4th ed.
260 ## - PUBLICATION, DISTRIBUTION, ETC.
Place of publication, distribution, etc. Boston, Mass. :
Name of publisher, distributor, etc. WCB/McGraw-Hill,
Date of publication, distribution, etc. c1999.
300 ## - PHYSICAL DESCRIPTION
Extent xxvi, 963, [94] p. :
Other physical details ill. (some col.) ;
Dimensions 28 cm.
504 ## - BIBLIOGRAPHY, ETC. NOTE
Bibliography, etc. note Includes bibliographical references and index.
650 #0 - SUBJECT ADDED ENTRY--TOPICAL TERM
Topical term or geographic name entry element Microbiology.
9 (RLIN) 2166
700 1# - ADDED ENTRY--PERSONAL NAME
Personal name Harley, John P.
9 (RLIN) 2879
700 1# - ADDED ENTRY--PERSONAL NAME
Personal name Klein, Donald A.,
Dates associated with a name 1935-
9 (RLIN) 2880
906 ## - LOCAL DATA ELEMENT F, LDF (RLIN)
a 7
b cbc
c orignew
d 1
e ocip
f 19
g y-gencatlg
942 ## - ADDED ENTRY ELEMENTS (KOHA)
Source of classification or shelving scheme Dewey Decimal Classification
Koha item type Books like text book referance book
Suppress in OPAC No
Holdings
Withdrawn status Lost status Source of classification or shelving scheme Damaged status Not for loan Collection code Home library Current library Shelving location Date acquired Total Checkouts Full call number Barcode Date last seen Copy number Price effective from Koha item type
    Dewey Decimal Classification     Non-fiction Wondo Genet Library Wondo Genet Library General Stacks 10/22/2021   579 MIC 1999 WGCFNRL00005776 10/22/2021 1 10/22/2021 Books like text book referance book
    Dewey Decimal Classification     Non-fiction Wondo Genet Library Wondo Genet Library General Stacks 10/22/2021   579 MIC 1999 WGCFNRL00005777 10/22/2021 2 10/22/2021 Books like text book referance book